| 000 | 00996nam a2200277u 4500 | ||
|---|---|---|---|
| 001 | 25316 | ||
| 003 | BD-RjUL | ||
| 005 | 20211209050848.0 | ||
| 008 | 140318r19531923enkbc 001 0aeng | ||
| 035 | _a(BD-RjUL)25385 | ||
| 040 |
_aDLC _cCarP _dDLC _dBD-RjUL _beng |
||
| 041 | _aeng | ||
| 051 |
_aPA4452 _b.A2 1919 _cCopy 2. |
||
| 082 | 0 | 4 |
_219 _a937 _bTHT 1953 |
| 100 | 0 |
_aThucydides. _974738 |
|
| 245 | 0 | 0 |
_aThucydides / _cwith an English translation by Charles Forster Smith. _nVolume IV : _pHistory of the Peloponnesian War Books VII and VIII. |
| 260 |
_aLondon : _bW. Heinemann; _aNew York : _bG. P. Putnam's sons, _c1923 [Reprinted 1953]. |
||
| 300 |
_av ,458 p. : _b maps (part fold.) ; _c18 cm. |
||
| 490 | 0 | _aThe Loeb classical library ... [from old catalog] | |
| 504 | _aIncludes index. | ||
| 651 | 0 |
_aGreece _xHistory _yPeloponnesian War, 431-404 B.C. _977843 |
|
| 700 | 1 |
_aSmith, Charles Forster, _etr. _977844 |
|
| 942 |
_2ddc _cBK |
||
| 999 |
_c25316 _d25316 |
||